00262 a2200109 4500000002500000100001700025110001700042245002700059250002000086260002300106264002300129 nam a22 7a 4500 aBhalla, Alok aBhalla, Alok aMahabharata(4 vol set) aLatest edition  bNiyogi Booksc2023 bNiyogi Booksc2023